Statistics for Every Post Malone Song on the Billboard Hot 100

Click here to take the quiz!

General Stats

  • This quiz has been taken 602 times
    (261 since last reset)
  • The average score is 19 of 51

Answer Stats

#YearSong% Correct
12017Rockstar ft. 21 Savage
90%
12019Circles
85%
12019Sunflower (Swae Lee)
82%
82017Congratulations ft. Quavo
80%
142016White Iverson
76%
22019Wow.
70%
32018Better Now
69%
12018Psycho ft. Ty Dolla $ign
65%
32019Goodbyes ft. Young Thug
60%
152019Hollywood's Bleeding
58%
162018I Fall Apart
55%
82019Take What You Want ft. Ozzy Osbourne & Travis Scott
53%
342018Candy Paint
50%
182019Saint-Tropez
46%
162019Enemies ft. Dababy
44%
172018Stay
43%
202019Die For Me ft. Future & Halsey
41%
762017Go Flex
39%
372019Allergic
37%
582019Internet
36%
112018Paranoid
36%
162018Ball For Me ft. Nicki Minaj
35%
752016Deja Vu ft. Justin Bieber
34%
522019Myself
34%
242018Over Now
34%
532019I Know
33%
152018Spoil My Night ft. Swae Lee
31%
342019Staring At The Sun ft. SZA
31%
40201892 Explorer
30%
292019A Thousand Bad Times
30%
222019On The Road ft. Meek Mill & Lil Baby
30%
142018Rich & Sad
30%
572018Sugar Wraith
28%
232018Zack And Codeine
28%
332019I'm Gonna Be
27%
462018Otherside
24%
202018Same Bitches ft. G-Eazy & YG
24%
292018Takin' Shots
23%
472018Blame It On Me
22%
652020Tommy Lee (Tyla Yaweh)
21%
732018Jonestown (Interlude)
20%
522018Jackie Chan (Tiesto & Dzeko) ft. Preme
19%
652020Wolves (Big Sean)
15%
242020Forever (Justin Bieber) ft. Clever
12%
742021Only Wanna Be With You
11%
532020Spicy (Ty Dolla $ign)
10%
522019Celebrate (DJ Khaled) ft. Travis Scott
9%
522018Notice Me (Migos)
9%
562019Writing On The Wall (French Montana) ft. Cardi B & Rvssian
9%
922017Homemade Dynamite (Lorde) ft. Khalid & SZA
7%
972021Life Is A Mess II (Juice WRLD & Clever)
4%

Score Distribution

Percentile by Number Answered

Percent of People with Each Score

Your Score History

You have not taken this quiz since the last reset